000 00919nmm a2200289 a 4500
001 ocm000601681
003 TR-IsHL
005 20201028125050.0
008 110704s2008 tu tur
007 cr cn
020 _a9789944931663
035 _a601681
_b(N$T)
050 0 4 _aPQ7298.1.R753
_bO4 2008
090 0 4 _aPQ7298.1.R753
_bO4 2008
100 1 _aArriaga, Guillermo
245 1 0 _aÖlümün tatlı kokusu
_h[electronic resource] /
_cGuillermo Arriaga ; çev. Seda Ersavcı
250 _a1. bs.
260 _aAnkara :
_bPhoenix Yayınevi,
_c2008
300 _a189 p.
650 4 _aDil ve Edebiyat
650 4 _aLanguage and Literature
650 0 _aMeksika romanı
650 0 _aMexican fiction
650 7 _aLITERARY COLLECTIONS / American / General
_2bisacsh
700 1 _aErsavcı, Seda
856 4 0 _uhttp://search.ebscohost.com/login.aspx?direct=true&scope=site&db=e011xww&AN=601681
999 _c3285
_d3285